Ligne 12 Métro Paris - Statistiques

Statistiques générales
  • Ce quiz a été pris 486 fois
  • Le résultat moyen est 21 sur 31
Statistiques - réponses
Hint Réponse % Correct
M8 M14 Madeleine
88%
Mairie d'Issy
88%
M4 M6 M13 ; Tr N Montparnasse - Bienvenüe
88%
M3 M13 M14 ; Tr E J L Saint-Lazare
88%
M1 M8 Concorde
85%
T2 T3a Porte de Versailles
82%
M6 Pasteur
81%
Mairie d'Aubervilliers
80%
M2 Pigalle
79%
Abesses
75%
Assemblée nationale
74%
M10 Sèvres - Babylone
73%
Vaugirard
70%
Convention
68%
Rue du Bac
68%
T3b Porte de la Chapelle
66%
RER C Solférino
66%
M4 Marcadet - Poissonniers
64%
Notre-Dame-des-Champs
64%
Rennes
64%
Notre-Dame-de-Lorette
63%
Volontaires
63%
Corentin Celton
62%
Falguière
61%
Front Populaire
59%
Saint-Georges
59%
Marx Dormoy
58%
Jules Joffrin
56%
Aimé Césaire
54%
Lamarck - Caulaincourt
53%
Trinité - dEstienne d'Orves
49%
Aucun quiz correspondant
Distribution des résultats
% des personnes avec chaque résultat
Percentile par nombre de réponses
Votre historique - résultats
Vous n’avez pas pris ce quiz